Loading...
| History - World | 0 | 7 | 1 | 2 | 65 | 16 | 80.29 | 4 | 6 | 0.00 | 0.00 |
| Religion | 0 | 6 | 0 | 1 | 60 | 39 | 76.67 | 3 | 6 | 0.00 | 0.00 |
| Fine Arts - Other | 0 | 6 | 0 | 0 | 60 | 66 | 80.50 | 6 | 6 | 0.00 | 0.00 |
| Philosophy | 0 | 6 | 1 | 1 | 55 | 62 | 97.17 | 1 | 3 | 0.00 | 0.00 |
| History - Other | 0 | 4 | 0 | 1 | 40 | 64 | 74.75 | 1 | 2 | 0.00 | 0.00 |
| Social Science | 0 | 4 | 1 | 1 | 35 | 48 | 79.25 | 2 | 2 | 0.00 | 0.00 |
| Mythology | 0 | 3 | 0 | 0 | 30 | 54 | 73.00 | 0 | 3 | 0.00 | 0.00 |
| History - American | 0 | 3 | 0 | 0 | 30 | 19 | 59.67 | 1 | 3 | 0.00 | 0.00 |
| Fine Arts - Visual | 0 | 3 | 0 | 0 | 30 | 40 | 59.67 | 3 | 3 | 0.00 | 0.00 |
| Literature - European | 0 | 3 | 0 | 1 | 30 | 64 | 95.33 | 1 | 2 | 0.00 | 0.00 |
| Science - Physics | 0 | 3 | 0 | 1 | 30 | 91 | 103.33 | 1 | 2 | 0.00 | 0.00 |
| History - European | 0 | 3 | 1 | 1 | 25 | 62 | 83.33 | 1 | 3 | 0.00 | 0.00 |
| Literature - World/Other | 0 | 2 | 0 | 0 | 20 | 51 | 60.00 | 2 | 2 | 0.00 | 0.00 |
| Literature - British | 0 | 2 | 0 | 0 | 20 | 60 | 63.00 | 1 | 2 | 0.00 | 0.00 |
| Other Academic | 0 | 2 | 0 | 0 | 20 | 36 | 46.00 | 1 | 2 | 0.00 | 0.00 |
| Science - Biology | 0 | 2 | 0 | 1 | 20 | 80 | 88.50 | 0 | 1 | 0.00 | 0.00 |
| Science - Other | 0 | 2 | 0 | 0 | 20 | 59 | 68.00 | 1 | 2 | 0.00 | 0.00 |
| Fine Arts - Classical Music | 0 | 2 | 2 | 0 | 10 | 42 | 44.00 | 0 | 2 | 0.00 | 0.00 |
| Science - Chemistry | 0 | 1 | 0 | 0 | 10 | 60 | 60.00 | 1 | 1 | 0.00 | 0.00 |
| Geography/Current Events | 0 | 1 | 1 | 1 | 5 | 125 | 125.00 | 0 | 0 | 0.00 | 0.00 |